[Event "Michael Tal 30"]
[Site "www.echecsemail.com"]
[Date "2026.02.03"]
[Round "1"]
[White "Alain64"]
[Black "Emmanuel"]
[WhiteElo "2080"]
[BlackElo "1950"]
[Result "0-1"]
1.c4 f5
2.Nb1c3 Ng8f6
3.d4 g6
4.Ng1f3 Bf8g7
5.Bc1g5 O-O
6.e3 d6
7.Bf1d3 c6
8.Qd1c2 Qd8e8
9.O-O h6
10.Bg5xf6 Bg7xf6
11.e4 e6
12.e5 Bf6e7
13.d5 Nb8a6
14.a3 Na6c5
15.dxe6 Bc8xe6
16.exd6 Be7xd6
17.Rf1e1 Qe8f7
18.b3 Ra8d8
19.Bd3f1 Bd6c7
20.b4 Nc5d7
21.c5 Nd7f6
22.h3 Nf6h5
23.Ra1d1 Be6b3
24.Qc2c1 Bb3xd1
25.Nc3xd1 Qf7g7
26.Bf1c4 Kh8
27.Nd1b2 Bc7f4
28.Qc1c2 Bf4c7
29.Nb2d3 Nh5f4
30.Nd3xf4 Bc7xf4
31.g3 Bf4c7
32.Kg2 b5
33.cxb6 axb6
34.Bc4d3 Qg7f6
35.Qc2c4 b5
36.Qc4c2 Bc7b6
37.Re1c1 Rd8d6
38.Qc2c3 Qf6xc3
39.Rc1xc3 Rd6e6
40.Bd3c2 Re6e2
41.h4 Re2xf2
42.Kh3 Rf8e8
43.a4 Re8e3
{ abandon }0-1

[Event "Tournoi n27367"]
[Site "www.echecsemail.com"]
[Date "2026.02.03"]
[Round "1"]
[White "Wall"]
[Black "Lecevenol"]
[WhiteElo "1200"]
[BlackElo "1270"]
[Result "1-0"]
1.e4 e5
2.Ng1f3 Qd8e7
3.Bf1c4 c6
4.d3 b5
5.Bc4b3 h6
6.c3 Ng8f6
7.O-O g5
8.Nb1a3 Bf8g7
9.Na3c2 O-O
10.Nc2e3 Bc8a6
11.Ne3f5 Qe7c5
12.Bc1e3 { abandon }1-0

[Event "Eq:Les Rois du Succes-Vikings :"]
[Site "www.echecsemail.com"]
[Date "2026.02.03"]
[Round "1"]
[White "Ngeorget"]
[Black "Radiakov"]
[WhiteElo "2820"]
[BlackElo "2790"]
[Result "1/2-1/2"]
1.e4 e5
2.Ng1f3 Nb8c6
3.Bf1b5 a6
4.Bb5a4 Ng8f6
5.O-O Bf8e7
6.Rf1e1 b5
7.Ba4b3 d6
8.c3 O-O
9.h3 Nc6a5
10.Bb3c2 c5
11.d4 Qd8c7
12.d5 Bc8d7
13.b3 Na5b7
14.Bc1e3 g6
15.Nb1d2 Nf6h5
16.Kh2 Nh5f4
17.Ra1c1 Qc7d8
18.c4 b4
19.a4 Be7f6
20.Nf3g1 Qd8e7
21.g3 Nf4h5
22.Nd2f3 Ra8e8
23.Qd1d2 Bf6h8
24.Nf3h4 f5
25.exf5 gxf5
26.Qd2e2 Nh5g7
27.Ng1f3 e4
28.Be3g5 Qe7f7
29.Nf3d2 Ng7h5
30.Bc2d1 Nh5f6
31.Nd2f1 Bh8g7
32.Nf1e3 Kh8
33.Rc1c2 Nf6g8
34.Qe2h5 Nb7d8
35.Bg5f4 Qf7f6
36.f3 exf3
37.Bf4g5 Qf6f7
38.Qh5xf3 Bg7h6
39.Qf3f4 Bh6xg5
40.Qf4xg5 Qf7e7
41.Qg5f4 Nd8f7
42.Rc2e2 Nf7e5
43.Nh4xf5 Qe7f6
44.Re1f1 Ng8e7
45.Bd1c2 Bd7xf5
46.Bc2xf5 Ne7xf5
47.Ne3xf5 Qf6xf5
{ nul }1/2-1/2

[Event "Tournoi n27319"]
[Site "www.echecsemail.com"]
[Date "2026.02.03"]
[Round "1"]
[White "Lancien57"]
[Black "Legrillon"]
[WhiteElo "1480"]
[BlackElo "1690"]
[Result "0-1"]
1.e4 e5
2.Ng1f3 d6
3.Nb1c3 Bc8g4
4.h3 Bg4h5
5.Bf1e2 c6
6.d4 Bh5xf3
7.Be2xf3 Bf8e7
8.d5 Ng8f6
9.Bc1e3 c5
10.O-O h6
11.Bf3e2 a6
12.Be2f3 O-O
13.Rf1e1 b5
14.a3 a5
15.Nc3xb5 Qd8b6
16.a4 Nf6h7
17.Bf3e2 Nh7f6
18.c4 Nf6xe4
19.Qd1b1 f5
20.Nb5c3 Ne4xc3
21.bxc3 Qb6d8
22.Be2d1 f4
23.Be3d2 Nb8d7
24.Qb1d3 Be7g5
25.Bd1g4 Nd7b6
26.Bg4f3 Qd8f6
27.Re1e4 Qf6f7
28.Qd3e2 Qf7e7
29.Bf3g4 Nb6d7
30.Bg4xd7 Qe7xd7
31.f3 Bg5h4
32.Bd2e1 Qd7e7
33.Be1xh4 Qe7xh4
34.Qe2f2 Qh4e7
35.Kh2 Rf8b8
36.Re4e1 Rb8b3
37.Re1c1 Ra8b8
38.g3 Rb3b2
39.Rc1c2 Rb2xc2
40.Qf2xc2 Qe7b7
41.gxf4 exf4
42.h4 Qb7b2
43.Qc2xb2 Rb8xb2
44.Kg1 Rb2c2
45.h5 Rc2xc3
46.Ra1e1 Rc3xc4
47.Re1e6 Rc4xa4
48.Re6xd6 Ra4d4
49.Kg2 c4
50.Rd6d8 Kh7
51.d6 c3
52.Kf2 c2
53.Rd8c8 Rd4xd6
54.Rc8xc2 Rd6d5
55.Rc2a2 Rd5xh5
56.Kg2 Rh5g5
57.Kf2 h5
58.Ra2a4 Rg5f5
59.Ke2 h4
60.Kf2 h3
61.Kg1 g5
62.Kh2 Kh6
63.Kxh3 Kh5
64.Kg2 Kh4
65.Ra4a3 g4
66.fxg4 Kxg4
67.Kf2 Rf5b5
68.Ra3a4 Rb5f5
69.Kg2 Rf5e5
70.Kf2 Re5c5
71.Kg2 Rc5c2
72.Kg1 Rc2c1
73.Kf2 Rc1c2
74.Kf1 Kg3
75.Ra4xa5 Rc2c1
76.Ke2 f3
77.Ke3 Rc1e1
78.Kd2 Re1e2
79.Kd1 Kf2
80.Ra5f5 Kg3
81.Rf5g5 Kf4
82.Rg5g1 Re2g2
83.Rg1f1 Kg3
84.Ke1 Rg2e2
85.Kd1 Kg2
86.Rf1e1 Re2xe1
87.Kxe1 f2
88.Ke2 f1Q
89.Ke3 Qf1d1
90.Ke4 Qd1d2
91.Ke5 Kf3
92.Ke6 Qd2d4
93.Ke7 Qd4d5
94.Kf6 Kf4
95.Ke7 Kf5
96.Ke8 Kf6
97.Kf8 Qd5f7
0-1

[Event "Défi( 10J+24H/c 10J Max )"]
[Site "www.echecsemail.com"]
[Date "2026.02.03"]
[Round "1"]
[White "Mimi66"]
[Black "Tinenfant"]
[WhiteElo "1350"]
[BlackElo "1880"]
[Result "0-1"]
1.e4 e6
2.Qd1f3 d5
3.Ng1h3 dxe4
4.Qf3xe4 Ng8f6
5.Qe4f3 Bf8d6
6.c4 O-O
7.Bf1d3 h6
8.Nb1c3 Rf8e8
9.Nc3e4 Nf6xe4
10.Bd3xe4 c6
11.d3 Qd8c7
12.Qf3g4 f5
13.Qg4g6 Qc7f7
14.Qg6xf7 Kxf7
15.Be4f3 e5
16.Bf3h5 g6
17.Bh5f3 Nb8d7
18.Bc1xh6 Nd7f6
19.Nh3g5 Kg8
20.O-O Bc8d7
21.Ra1e1 Re8e7
22.h4 Ra8e8
23.h5 gxh5
24.g3 Nf6g4
25.Bf3xg4 hxg4
26.Kg2 f4
27.gxf4 exf4
28.Re1xe7 Re8xe7
29.Rf1h1 f3
30.Kf1 Bd7f5
31.d4 Bf5d3
32.Kg1 Re7e1
0-1

[Event "Défi( 10J+24H/c 10J Max )"]
[Site "www.echecsemail.com"]
[Date "2026.02.03"]
[Round "1"]
[White "Electronlibre"]
[Black "Mrmatchnul"]
[WhiteElo "1980"]
[BlackElo "2220"]
[Result "1/2-1/2"]
1.f4 Ng8f6
2.Ng1f3 d5
3.e3 Bc8g4
4.Bf1e2 e6
5.O-O Bf8e7
6.Nf3e5 Bg4xe2
7.Qd1xe2 O-O
8.b3 c5
9.Bc1b2 Nb8d7
10.Ne5xd7 Qd8xd7
11.d3 Ra8c8
12.Nb1d2 b5
13.Nd2f3 a5
14.Nf3e5 Qd7d6
15.Qe2f2 Nf6d7
16.Ne5xd7 Qd6xd7
17.Qf2g3 f6
18.Rf1f3 Be7d6
19.Ra1f1 c4
20.bxc4 bxc4
21.d4 Qd7a4
22.Rf3f2 Qa4xa2
23.c3 Qa2a4
24.Qg3g4 f5
25.Qg4e2 Qa4c6
26.Rf1a1 Rc8a8
27.Qe2d1 Rf8b8
28.h3 Rb8b7
29.Qd1c1 Rb7b3
30.Ra1a2 a4
31.Qc1d1 Ra8b8
32.Qd1c1 Qc6b5
33.Kh2 Kf7
34.Bb2a3 Bd6xa3
35.Ra2xa3 Rb3xa3
36.Qc1xa3 Qb5b3
37.Qa3d6 Rb8b7
38.Qd6a6 Rb7e7
39.Qa6a5 h5
40.g4 hxg4
41.hxg4 fxg4
42.f5 Qb3b8
43.Kg2 Qb8d6
44.Qa5xa4 e5
45.Qa4d1 exd4
46.Qd1xd4 Re7e4
47.Qd4a7 Kf6
48.Rf2f1 Re4e7
49.Qa7d4 Qd6e5
{ nul }1/2-1/2

[Event "Eq:modesty-Royal Kids :"]
[Site "www.echecsemail.com"]
[Date "2026.02.03"]
[Round "1"]
[White "Breitenbach"]
[Black "Skalfa"]
[WhiteElo "2250"]
[BlackElo "1870"]
[Result "1-0"]
1.e4 e5
2.Ng1f3 Nb8c6
3.Bf1b5 d6
4.O-O h6
5.d4 exd4
6.Nf3xd4 Bc8d7
7.Bb5xc6 bxc6
8.c4 c5
9.Nd4e2 Ng8f6
10.Nb1c3 Bf8e7
11.f3 O-O
12.Bc1e3 c6
13.Qd1d2 a5
14.Ra1d1 Bd7e6
15.b3 Ra8a7
16.g4 Nf6h7
17.h3 Be7h4
18.Qd2xd6 Qd8xd6
19.Rd1xd6 Ra7c7
20.Be3xc5 Bh4e7
21.e5 Be7xd6
22.Bc5xd6 Rc7d7
23.Bd6xf8 Kxf8
24.Kg2 g5
25.Rf1d1 Rd7b7
26.Rd1d6 Rb7b6
27.Ne2d4 Ke8
28.Nd4xe6 fxe6
29.Rd6xe6 Kf7
30.Re6xh6 Kg7
31.Rh6d6 Nh7f8
32.Nc3d5 Rb6a6
33.e6 Nf8g6
34.e7 Ng6xe7
35.Nd5xe7 { abandon }1-0

[Event "Jean 8"]
[Site "www.echecsemail.com"]
[Date "2026.02.03"]
[Round "1"]
[White "Orosco"]
[Black "Turbo"]
[WhiteElo "2220"]
[BlackElo "1390"]
[Result "1-0"]
1.e4 e5
2.Ng1f3 Nb8c6
3.Bf1b5 h6
4.Nb1c3 d6
5.d4 exd4
6.Nf3xd4 Bc8d7
7.O-O Ng8f6
8.Bc1e3 d5
9.exd5 Nc6e5
10.Qd1e2 a6
11.Bb5xd7 Ne5xd7
12.Nd4f5 Bf8d6
13.Be3xh6 Nd7e5
14.Bh6xg7 Rh8g8
15.f4 Qd8d7
16.Nf5xd6 Qd7xd6
17.Bg7xf6 Qd6xf6
18.fxe5 Qf6b6
19.Qe2f2 Qb6xb2
20.Qf2xf7 { abandon }1-0

[Event "Défi"]
[Site "www.echecsemail.com"]
[Date "2026.02.03"]
[Round "1"]
[White "Cloclo"]
[Black "Chomi64"]
[WhiteElo "1860"]
[BlackElo "1890"]
[Result "0-1"]
1.c4 e5
2.Nb1c3 Nb8c6
3.g3 f5
4.e3 Ng8f6
5.Bf1g2 d6
6.Ng1e2 Bc8e6
7.d4 exd4
8.Ne2xd4 Nc6xd4
9.Qd1xd4 c6
10.b4 Qd8b6
11.b5 Ra8c8
12.bxc6 bxc6
13.Ra1b1 Qb6c7
14.O-O Bf8e7
15.Nc3e2 O-O
16.Ne2f4 Be6f7
17.Bc1d2 Rc8b8
18.Rb1b3 Rb8b6
19.Bd2a5 c5
20.Ba5xb6 axb6
21.Rf1b1 cxd4
{ abandon }0-1

[Event "Défi"]
[Site "www.echecsemail.com"]
[Date "2026.02.03"]
[Round "1"]
[White "Chomi64"]
[Black "Verson"]
[WhiteElo "1860"]
[BlackElo "1830"]
[Result "1-0"]
1.d4 d5
2.Ng1f3 Ng8f6
3.Nb1d2 e6
4.e3 Bf8d6
5.Bf1d3 Nb8d7
6.O-O O-O
7.e4 dxe4
8.Nd2xe4 Nf6xe4
9.Bd3xe4 Nd7f6
10.Be4d3 b6
11.c3 Bc8b7
12.Bc1g5 h6
13.Bg5h4 Bd6e7
14.Bd3c2 Bb7e4
15.Bc2xe4 Nf6xe4
16.Bh4xe7 Qd8xe7
17.Rf1e1 Ne4f6
18.Nf3e5 Qe7d6
19.h3 c5
20.Ne5f3 Rf8d8
21.Qd1c2 Ra8c8
22.Ra1d1 Qd6c6
23.Nf3e5 Qc6c7
24.dxc5 bxc5
25.Ne5c4 Rd8xd1
26.Re1xd1 Rc8d8
27.Rd1xd8 Qc7xd8
28.Qc2d2 Qd8xd2
29.Nc4xd2 Kf8
30.c4 Ke7
31.f3 Kd6
32.Kf2 Nf6d7
33.f4 f6
34.Nd2e4 Kc6
35.g4 e5
36.fxe5 Nd7xe5
37.b3 Ne5d3
38.Ke3 Nd3e5
39.Kf4 a5
40.Kf5 Ne5f7
41.Kg6 Nf7g5
42.Ne4xg5 fxg5
43.Kxg7 { abandon }1-0

[Event "Tournoi n27425"]
[Site "www.echecsemail.com"]
[Date "2026.02.03"]
[Round "1"]
[White "Jlr"]
[Black "Mokanne"]
[WhiteElo "1430"]
[BlackElo "1450"]
[Result "0-1"]
1.e4 e5
2.d3 Ng8f6
3.a3 Bf8c5
4.b4 Bc5b6
5.Ng1f3 Nf6g4
6.d4 d6
7.c3 Qd8e7
8.Bf1c4 O-O
9.Bc1g5 Ng4f6
10.dxe5 h6
11.Bg5xf6 gxf6
12.h3 dxe5
13.Nf3h4 c5
14.Nh4g6 Qe7c7
15.Qd1d5 Rf8d8
16.Qd5xf7 Qc7xf7
17.Bc4xf7 Kxf7
18.Ng6h4 c4
19.Nb1d2 Bc8e6
20.g4 Rd8d3
21.Ke2 Rd3xc3
22.a4 Rc3d3
23.a5 Bb6c7
24.Nd2f3 Nb8a6
25.Nf3e1 Na6xb4
26.Ne1xd3 cxd3
27.Kd2 a6
28.Ra1b1 Bc7xa5
29.Rb1a1 Nb4c2
30.Kxd3 Nc2xa1
31.Rh1xa1 Ra8d8
32.Ke2 Rd8d2
33.Ke3 Ba5b4
34.f3 a5
35.Ra1c1 Rd2d7
36.Rc1c8 Kg7
37.f4 Rd7d3
38.Kxd3 Be6xc8
39.f5 Bc8d7
40.Nh4f3 Bd7b5
41.Kc2 a4
42.Kb2 b6
43.h4 Bb5d3
44.g5 Bd3xe4
45.gxh6 Kxh6
46.Nf3h2 Be4xf5
47.Nh2f3 Kh5
48.Ka2 Bf5e4
{ abandon }0-1

[Event "Défi"]
[Site "www.echecsemail.com"]
[Date "2026.02.03"]
[Round "1"]
[White "Midas"]
[Black "Wenoketo"]
[WhiteElo "1660"]
[BlackElo "1690"]
[Result "1-0"]
1.e4 e5
2.Ng1f3 Nb8c6
3.Bf1b5 d6
4.O-O Bc8d7
5.h3 Ng8e7
6.d3 a6
7.Bb5a4 b5
8.Ba4b3 g6
9.c3 h6
10.d4 exd4
11.cxd4 Bf8g7
12.d5 Nc6a5
13.Nb1c3 Na5xb3
14.Qd1xb3 O-O
15.Bc1e3 c5
16.dxc6 Bd7xc6
17.Nf3d2 Ra8c8
18.a3 Bg7xc3
19.bxc3 d5
20.Be3xh6 Rf8e8
21.e5 Ne7f5
22.Bh6f4 Qd8h4
23.Qb3b4 Qh4e7
24.Qb4xe7 Re8xe7
25.Nd2f3 Rc8e8
26.Nf3d4 Nf5xd4
27.cxd4 Re7e6
28.Ra1c1 Kg7
29.Bf4g5 Re8b8
30.Bg5f6 Kf8
31.Rc1c3 Rb8b6
32.Bf6d8 Rb6b8
33.Bd8c7 Rb8c8
34.Bc7d6 Kg8
35.Rf1c1 { abandon }1-0

[Event "Tournoi n27343"]
[Site "www.echecsemail.com"]
[Date "2026.02.03"]
[Round "1"]
[White "4x4"]
[Black "Malaouat"]
[WhiteElo "1460"]
[BlackElo "1410"]
[Result "0-1"]
1.e4 e5
2.f4 exf4
3.Ng1f3 Bf8d6
4.d3 Ng8h6
5.Nb1c3 O-O
6.e5 Bd6b4
7.Bc1xf4 d6
8.Bf4xh6 gxh6
9.a3 Bb4xc3
10.bxc3 Nb8c6
11.Qd1d2 dxe5
12.Bf1e2 Bc8g4
13.h3 Bg4xf3
14.gxf3 b5
15.Kf2 Kg7
16.d4 exd4
17.cxd4 Nc6xd4
18.c3 Nd4b3
19.Qd2b2 Nb3xa1
20.Rh1xa1 Qd8f6
21.Ra1d1 Qf6h4
22.Kf1 Qh4xh3
23.Ke1 Qh3h5
24.Be2xb5 Ra8b8
25.c4 f6
26.Rd1d7 Rf8f7
27.Rd7xf7 Qh5xf7
28.Qb2g2 Qf7g6
29.Qg2xg6 hxg6
30.a4 Rb8b6
31.c5 Rb6e6
32.Kf2 a6
33.Bb5c4 Re6c6
34.Ke3 Rc6xc5
35.Kd4 Rc5a5
36.Bc4b3 c6
37.Kc4 h5
38.Kb4 Ra5f5
39.Bb3c4 Rf5f4
40.Kc5 h4
41.Bc4xa6 h3
42.Kxc6 h2
43.a5 h1Q
44.Ba6b7 Qh1xf3
45.Kc7 Rf4c4
46.Kb8 Qf3f4
47.Ka8 Qf4c7
48.a6 Rc4a4
49.a7 f5
50.Bb7d5 Ra4xa7
0-1

[Event "Eq:au plaisir du jeux -fouschess :"]
[Site "www.echecsemail.com"]
[Date "2026.02.03"]
[Round "1"]
[White "Titit1"]
[Black "Lancien57"]
[WhiteElo "1460"]
[BlackElo "1430"]
[Result "1-0"]
1.d4 d5
2.c4 e6
3.e3 Ng8f6
4.c5 Nb8c6
5.Bf1b5 Bc8d7
6.Ng1f3 h6
7.O-O Bf8e7
8.Nf3e5 a6
9.Bb5xc6 Bd7xc6
10.Nb1c3 O-O
11.f4 Qd8e8
12.Rf1f3 Nf6e4
13.Nc3xe4 dxe4
14.Rf3h3 b6
15.Qd1g4 Be7f6
16.Rh3xh6 Bf6xe5
17.fxe5 f6
18.exf6 g6
19.Rh6xg6 Kf7
20.Rg6g7 Kxf6
21.Rg7xc7 bxc5
22.Qg4f4 Kg6
23.Qf4g4 Kh6
24.Qg4g7 Kh5
25.Qg7h7 Kg5
26.Rc7g7 Kf6
27.Qh7h6 Kf5
28.Rg7g5 1-0

[Event "Tournoi échelle élite"]
[Site "www.echecsemail.com"]
[Date "2026.02.03"]
[Round "1"]
[White "Alain64"]
[Black "Verson"]
[WhiteElo "2080"]
[BlackElo "1800"]
[Result "1-0"]
1.c4 Ng8f6
2.Nb1c3 e6
3.e4 d5
4.e5 Nf6e4
5.Nc3xe4 dxe4
6.Qd1g4 Qd8d4
7.Ng1f3 Qd4c5
8.Qg4xe4 Bf8e7
9.a3 O-O
10.d4 Qc5a5
11.Bc1d2 Qa5b6
12.Bf1d3 Bc8d7
13.Qe4xh7 1-0

[Event "Tournoi n27419"]
[Site "www.echecsemail.com"]
[Date "2026.02.03"]
[Round "1"]
[White "Verson"]
[Black "Tartu"]
[WhiteElo "1810"]
[BlackElo "1750"]
[Result "1/2-1/2"]
1.d4 d5
2.Ng1f3 c6
3.e3 e6
4.Bf1d3 Bf8d6
5.Nb1d2 Ng8f6
6.O-O O-O
7.e4 dxe4
8.Nd2xe4 Nf6xe4
9.Bd3xe4 Nb8d7
10.Bc1g5 f6
11.Bg5h4 Qd8e8
12.Rf1e1 Qe8h5
13.c3 f5
14.Be4d3 Nd7f6
15.Bh4xf6 Rf8xf6
16.Nf3e5 Qh5xd1
17.Ra1xd1 c5
18.Re1e3 cxd4
19.cxd4 f4
20.Re3h3 g6
21.f3 Bd6xe5
22.dxe5 Rf6f8
23.g3 fxg3
24.Rh3xg3 Ra8b8
25.Kg2 b6
26.Rg3g4 Bc8b7
27.Bd3e4 Bb7xe4
28.Rg4xe4 Rb8d8
29.Re4d4 Rd8xd4
30.Rd1xd4 Rf8e8
31.f4 Re8e7
32.Kf3 Kf7
33.Ke3 h6
34.Rd4d8 h5
35.b4 Re7c7
36.Kd3 Ke7
37.Rd8d6 Rc7d7
38.Rd6xd7 Kxd7
39.Kc4 Kc6
40.a4 a6
41.h4 b5
42.axb5 axb5
43.Kd4 { nul }1/2-1/2

[Event "Coupe Niveau 2"]
[Site "www.echecsemail.com"]
[Date "2026.02.03"]
[Round "1"]
[White "Bertelsen"]
[Black "Nbelnico"]
[WhiteElo "1690"]
[BlackElo "1680"]
[Result "1-0"]
1.c4 e5
2.e4 c5
3.d3 d6
4.h3 h6
5.Ng1f3 Ng8f6
6.Nb1c3 Bf8e7
7.Bf1e2 O-O
8.O-O Bc8d7
9.a3 a6
10.b4 cxb4
11.axb4 Nb8c6
12.Bc1a3 b5
13.c5 dxc5
14.Nc3a2 cxb4
15.Ba3b2 Be7d6
16.Qd1b1 b3
17.Na2c3 b4
18.Nc3d1 a5
19.Nd1e3 a4
20.d4 exd4
21.Bb2xd4 Nc6xd4
22.Nf3xd4 Bd7e6
23.Nd4xe6 Qd8e7
24.Ne6xf8 Qe7e5
25.f4 Qe5c5
26.Qb1d3 Bd6xf8
27.Ra1c1 Qc5e7
28.Ne3f5 Qe7a7
29.Kh1 Qa7b6
30.e5 Ra8d8
31.Qd3g3 a3
32.Nf5xh6 Kh7
33.Nh6xf7 Rd8d2
34.Nf7g5 Kg8
35.Be2c4 Nf6d5
36.Qg3xb3 Qb6c5
37.e6 Kh8
38.f5 Qc5c6
39.Qb3g3 Bf8d6
40.Qg3h4 Kg8
41.Qh4h7 Kf8
42.Bc4xd5 Qc6xd5
43.Rc1c8 Ke7
44.Qh7xg7 1-0

[Event "Tournoi n27380"]
[Site "www.echecsemail.com"]
[Date "2026.02.03"]
[Round "1"]
[White "Nico"]
[Black "Onetwoyve"]
[WhiteElo "2010"]
[BlackElo "1910"]
[Result "0-1"]
1.d4 d5
2.Bc1f4 Ng8f6
3.Nb1c3 c6
4.h3 Bc8f5
5.e3 e6
6.a3 Bf8d6
7.Bf4xd6 Qd8xd6
8.Bf1d3 Bf5g6
9.Bd3xg6 hxg6
10.Ng1f3 Nb8d7
11.O-O e5
12.Rf1e1 O-O-O
13.Nf3g5 Rd8f8
14.Nc3e2 e4
15.f4 exf3
16.Ng5xf3 Rf8e8
17.Qd1d3 Nf6e4
18.c4 f6
19.Ra1c1 Kb8
20.c5 Qd6c7
21.b4 g5
22.b5 Ka8
23.Rc1b1 f5
24.Rb1b2 g4
25.Nf3d2 gxh3
26.Nd2xe4 fxe4
27.Qd3d1 hxg2
28.Ne2f4 g5
29.Qd1g4 gxf4
30.exf4 Re8g8
31.b6 axb6
32.cxb6 Qc7d8
33.Qg4e2 Rh8h1
34.Kf2 Qd8h4
{ abandon }0-1

[Event "Tournoi échelle"]
[Site "www.echecsemail.com"]
[Date "2026.02.03"]
[Round "1"]
[White "Alain64"]
[Black "Eldiablo90"]
[WhiteElo "2090"]
[BlackElo "2800"]
[Result "0-1"]
1.c4 e5
2.Nb1c3 Nb8c6
3.e3 Ng8f6
4.d4 Bf8b4
5.a3 Bb4xc3
6.bxc3 d6
7.Ng1f3 O-O
8.Bf1e2 e4
9.Nf3d2 Nc6a5
10.a4 b6
11.Bc1a3 c5
12.Qd1c2 Rf8e8
13.O-O-O Bc8g4
14.Rd1e1 Bg4xe2
15.Re1xe2 cxd4
16.cxd4 d5
17.Kb1 dxc4
18.Ba3b4 Nf6d5
19.Bb4xa5 bxa5
20.Ka1 Nd5b4
21.Qc2xc4 Ra8c8
22.Qc4b3 Rc8c2
23.Rh1e1 Qd8c7
24.Nd2f1 Re8b8
{ abandon }0-1

[Event "Eq:Avalon-Royal Kids :"]
[Site "www.echecsemail.com"]
[Date "2026.02.03"]
[Round "1"]
[White "Pgo"]
[Black "Mindthegap"]
[WhiteElo "1750"]
[BlackElo "1460"]
[Result "1-0"]
1.e4 e5
2.Bf1c4 Ng8f6
3.d3 c6
4.Ng1f3 d5
5.exd5 cxd5
6.Bc4b5 Bc8d7
7.Nb1c3 Bf8b4
8.Bb5xd7 Qd8xd7
9.Nf3xe5 Bb4xc3
10.bxc3 Qd7e7
11.d4 Nb8d7
12.O-O Nd7xe5
13.dxe5 Qe7xe5
14.Rf1e1 { abandon }1-0

[Event "Coupe Niveau 9"]
[Site "www.echecsemail.com"]
[Date "2026.02.03"]
[Round "1"]
[White "Coincoin18"]
[Black "64uiop"]
[WhiteElo "2640"]
[BlackElo "2580"]
[Result "1/2-1/2"]
1.d4 d5
2.c4 dxc4
3.Ng1f3 Ng8f6
4.Qd1a4 c6
5.Qa4xc4 Bc8f5
6.Nb1c3 e6
7.g3 Bf8e7
8.Bf1g2 Nb8d7
9.O-O O-O
10.Rf1e1 Nf6e4
11.a4 a5
12.Bc1f4 h6
13.Nf3h4 Nd7b6
14.Qc4b3 Be7xh4
15.Bg2xe4 Bf5xe4
16.Nc3xe4 Bh4e7
17.Re1d1 Nb6d5
18.Qb3xb7 Nd5xf4
19.gxf4 Qd8d5
20.Qb7xe7 Qd5xe4
21.e3 Qe4g6
{ nul }1/2-1/2

[Event "CHATURANGA"]
[Site "www.echecsemail.com"]
[Date "2026.02.03"]
[Round "1"]
[White "Legrillon"]
[Black "Mindthegap"]
[WhiteElo "1780"]
[BlackElo "1460"]
[Result "1-0"]
1.e4 e5
2.Ng1f3 Ng8f6
3.Bf1c4 Nf6xe4
4.d3 Ne4c5
5.Nf3g5 d5
6.Bc4b3 f6
7.Ng5f3 Bc8g4
8.O-O Nb8c6
9.h3 Bg4xf3
10.Qd1xf3 Nc6d4
11.Qf3e3 Nc5xb3
12.cxb3 Nd4c2
13.Qe3e2 Nc2xa1
14.Nb1c3 c6
15.Bc1d2 Qd8d6
16.Rf1xa1 Bf8e7
17.a3 Be7d8
18.b4 Bd8c7
19.f4 g5
20.Qe2h5 Kd7
21.Qh5g4 Kd8
22.fxg5 Bc7b6
23.Kh1 fxg5
24.Bd2xg5 Kc7
25.Ra1e1 Rh8g8
26.Qg4h5 Ra8f8
27.Qh5xh7 Kc8
28.Bg5e7 Bb6f2
29.Be7xd6 Kd8
30.Qh7e7 { abandon }1-0

[Event "Défi"]
[Site "www.echecsemail.com"]
[Date "2026.02.03"]
[Round "1"]
[White "Kiki38"]
[Black "Castor"]
[WhiteElo "1500"]
[BlackElo "1330"]
[Result "1-0"]
1.d4 Ng8f6
2.e4 b6
3.Nb1c3 c6
4.Bf1c4 b5
5.Bc4d3 d6
6.Ng1f3 Nb8a6
7.O-O g6
8.a3 Qd8b6
9.Bc1e3 d5
10.e5 Nf6d7
11.b4 Bf8g7
12.a4 Na6xb4
13.a5 Qb6b7
14.Bd3e2 a6
15.Nc3b1 Nd7f8
16.c3 c5
17.cxb4 cxb4
18.Nb1d2 Nf8e6
19.Nd2b3 O-O
20.Ra1c1 Bc8d7
21.Nf3g5 f6
22.Ng5xe6 Bd7xe6
23.Nb3c5 Qb7b8
24.Nc5xe6 Rf8f7
25.Rc1c7 f5
26.Qd1b3 h6
27.Qb3xd5 Bg7h8
28.Rc7b7 Qb8e8
29.Be3xh6 Qe8c8
30.Ne6g5 e6
31.Ng5xe6 Rf7xb7
32.Ne6d8 Kh7
33.Nd8xb7 Ra8b8
34.Bh6f4 Rb8xb7
35.e6 Bh8f6
36.Rf1c1 Qc8b8
37.Bf4xb8 Rb7xb8
38.Rc1c7 Kg8
39.e7 Kh8
40.Qd5f7 Bf6xd4
41.e8Q { abandon }1-0

[Event "Défi"]
[Site "www.echecsemail.com"]
[Date "2026.02.03"]
[Round "1"]
[White "Burgman"]
[Black "Arno"]
[WhiteElo "2000"]
[BlackElo "1800"]
[Result "1-0"]
1.e4 Nb8c6
2.d4 e5
3.d5 Nc6e7
4.c4 Ne7g6
5.Nb1c3 Bf8c5
6.Bf1e2 Ng8e7
7.Ng1f3 d6
8.O-O a6
9.a3 O-O
10.b4 Bc5a7
11.Bc1g5 h6
12.Bg5d2 f5
13.exf5 Ne7xf5
14.Be2d3 Qd8e8
15.Qd1e2 Ng6h4
16.Nf3xh4 Nf5xh4
17.Bd2e3 Ba7xe3
18.Qe2xe3 Bc8f5
19.Ra1d1 Qe8g6
20.Qe3g3 Bf5xd3
21.Rd1xd3 Qg6xg3
22.hxg3 Nh4f5
23.g4 Nf5d4
24.f3 Ra8e8
25.Nc3e4 Nd4e2
26.Kh2 Ne2f4
27.Rd3d2 b6
28.Rf1c1 Re8a8
29.c5 dxc5
30.bxc5 Rf8c8
31.Rc1c2 Rc8d8
32.d6 cxd6
33.cxd6 Nf4e6
34.Rc2c6 b5
35.Rd2d5 Ne6d4
36.Rc6c7 Nd4e6
37.Rc7e7 Ne6f4
38.Rd5c5 Nf4g6
39.Re7b7 Ng6f4
40.Rc5c7 Nf4e6
41.Rc7e7 Rd8e8
42.Rb7a7 Re8xe7
43.Ra7xe7 Ne6g5
44.Re7xe5 Ng5xe4
45.fxe4 Ra8d8
46.Re5d5 Kf7
47.e5 Ke6
48.Rd5c5 Rd8d7
49.Kg3 g5
50.Kf3 Rd7b7
51.Ke4 a5
52.Rc5c7 Rb7xc7
53.dxc7 Kd7
54.Kd5 Kxc7
55.Kc5 b4
56.axb4 a4
57.Kc4 a3
58.Kb3 Kd7
59.b5 { abandon }1-0

[Event "CHATURANGA"]
[Site "www.echecsemail.com"]
[Date "2026.02.03"]
[Round "1"]
[White "Mindthegap"]
[Black "Titit1"]
[WhiteElo "1460"]
[BlackElo "1480"]
[Result "1-0"]
1.e4 e5
2.Ng1f3 Ng8f6
3.Bf1c4 Nf6xe4
4.Nb1c3 Ne4xc3
5.dxc3 Nb8c6
6.Qd1e2 d6
7.Nf3g5 f6
8.Ng5f7 Qd8e7
9.f4 d5
10.Bc4xd5 Bc8e6
11.Qe2b5 Be6xf7
12.Bd5xc6 bxc6
13.Qb5xc6 Kd8
14.Qc6xa8 Kd7
15.Bc1e3 exf4
16.O-O-O Ke6
17.Qa8d5 1-0

[Event "Défi"]
[Site "www.echecsemail.com"]
[Date "2026.02.03"]
[Round "1"]
[White "Vvvv"]
[Black "Tartu"]
[WhiteElo "1680"]
[BlackElo "1730"]
[Result "1-0"]
1.e4 c6
2.d4 d5
3.exd5 cxd5
4.Nb1c3 Nb8c6
5.Bc1e3 Ng8f6
6.Bf1e2 Bc8f5
7.Ng1f3 e6
8.a3 Bf8e7
9.O-O O-O
10.b4 a6
11.Nc3a4 b5
12.Na4c3 Ra8c8
13.h3 Nf6e4
14.Nc3xe4 Bf5xe4
15.Ra1a2 Be7f6
16.c3 e5
17.Ra2d2 exd4
18.Nf3xd4 Nc6xd4
19.Be3xd4 Bf6xd4
20.cxd4 Rf8e8
21.Be2g4 f5
22.Bg4h5 g6
23.Bh5f3 Rc8c3
24.Bf3xe4 fxe4
25.Rf1e1 Rc3xa3
26.Re1e3 Ra3xe3
27.fxe3 Qd8d6
28.Qd1b3 Re8c8
29.Rd2d1 Rc8c4
30.Rd1b1 h5
31.Qb3a3 Qd6c6
32.Kh2 Kh7
33.g3 Rc4c3
34.Qa3a5 Rc3xe3
35.Rb1a1 Qc6c2
36.Kh1 Qc2c6
37.Qa5d8 Qc6e6
38.Qd8c7 Kh6
39.Qc7f4 g5
40.Qf4xe3 Qe6xh3
41.Kg1 Qh3c8
42.Ra1c1 Qc8e6
43.Kg2 Qe6d6
44.Qe3c3 { abandon }1-0

[Event "CHATURANGA"]
[Site "www.echecsemail.com"]
[Date "2026.02.03"]
[Round "1"]
[White "4x4"]
[Black "Titit1"]
[WhiteElo "1450"]
[BlackElo "1480"]
[Result "0-1"]
1.e4 e5
2.Ng1f3 Ng8f6
3.Bf1c4 Nf6xe4
4.d3 Ne4c5
5.Nf3g5 f6
6.Ng5f7 Qd8e7
7.Nf7xh8 Nb8c6
8.Nb1c3 Nc6d4
9.Nc3d5 Qe7d6
10.c3 Nd4f5
11.Qd1f3 Nf5e7
12.b4 Nc5e6
13.Nd5xe7 Qd6xe7
14.Bc1b2 g6
15.O-O-O Qe7g7
16.Nh8xg6 hxg6
17.Bc4xe6 dxe6
18.g3 Bf8d6
19.Qf3g2 c6
20.h4 Bc8d7
21.a3 O-O-O
22.f3 c5
23.bxc5 Bd6xc5
24.d4 exd4
25.cxd4 Bc5b6
26.Kb1 Bd7c6
27.Qg2d2 Bc6xf3
28.Rd1e1 Bf3xh1
29.Re1xh1 e5
30.Qd2c3 Bb6c7
31.dxe5 fxe5
32.Rh1c1 Rd8d7
33.Qc3xe5 Qg7f8
34.Rc1xc7 Rd7xc7
35.Qe5e6 Kb8
36.Bb2e5 Qf8f1
37.Kb2 a6
38.Be5xc7 Kxc7
39.Qe6xg6 Qf1f2
40.Qg6c2 Qf2xc2
41.Kxc2 Kc6
42.Kc3 Kd5
43.Kd3 Ke5
44.Ke3 Kf5
45.Kf3 a5
46.g4 Ke5
47.g5 Kf5
48.Kg3 b5
49.Kh3 b4
50.axb4 axb4
51.Kg3 b3
52.g6 Kxg6
53.Kg4 b2
54.h5 Kh6
55.Kf5 Kxh5
56.Ke4 b1Q
57.Ke5 Kg5
58.Kd4 Kf4
59.Kd5 Qb1e4
60.Kc5 Ke5
61.Kb5 Kd5
62.Kb6 Kd6
63.Kb5 Qe4c6
64.Kb4 Qc6c5
65.Kb3 Kd5
66.Kb2 Kd4
67.Kb3 Qc5c4
68.Kb2 Qc4c3
69.Kb1 Kd3
70.Ka2 Kc4
71.Kb1 Qc3e1
72.Kb2 Kb4
73.Kc2 Kc4
74.Kb2 Kb4
75.Kc2 Qe1c3
76.Kd1 Qc3d3
77.Ke1 Kc3
78.Kf2 Kd2
79.Kg2 Ke2
80.Kh2 Kf2
81.Kh1 Qd3f3
82.Kh2 Qf3g2
0-1

[Event "Défi"]
[Site "www.echecsemail.com"]
[Date "2026.02.03"]
[Round "1"]
[White "Castor"]
[Black "Arzbro"]
[WhiteElo "1360"]
[BlackElo "1510"]
[Result "0-1"]
1.d4 d5
2.c4 c6
3.Nb1c3 Ng8f6
4.f3 e6
5.e4 dxe4
6.fxe4 Bf8b4
7.Bc1d2 Bb4xc3
8.bxc3 Nf6xe4
9.Ng1h3 h6
10.Bf1d3 Ne4f6
11.O-O O-O
12.Qd1f3 Nb8d7
13.Bd3e2 Ra8b8
14.Bd2f4 Rb8a8
15.Be2d3 a6
16.a4 a5
17.Bf4d2 b6
18.Qf3g3 Nf6h5
19.Qg3f2 Nd7f6
20.Bd3e2 Bc8a6
21.Nh3f4 Nh5xf4
22.Bd2xf4 Nf6e4
23.Qf2e3 Ne4d6
24.Ra1d1 Nd6xc4
25.Qe3g3 Qd8f6
26.Be2d3 Nc4b2
27.Rd1b1 Nb2xd3
28.h3 Nd3xf4
29.Rf1xf4 Qf6g5
30.Rf4g4 Qg5f6
31.Rg4f4 Qf6g6
32.Rf4g4 Qg6xb1
33.Kh2 g6
34.h4 h5
35.Rg4g5 Ba6c4
36.Qg3d6 Bc4d5
37.Rg5g3 Qb1b3
38.Qd6f4 Qb3xa4
39.Qf4g5 Qa4c2
40.Kh3 Qc2f5
41.Qg5xf5 exf5
42.Rg3e3 Ra8e8
43.Re3g3 Re8e1
44.Kh2 Rf8e8
45.Rg3d3 Re8e2
46.Rd3g3 a4
47.Rg3d3 Re2xg2
48.Kh3 Re1h1
0-1